Detalles MARC
| 000 -LÍDER |
| Campo fijo de descripción fija |
02227nam a2200337 i 4500 |
| 001 - NÚMERO DE CONTROL |
| Campo de control |
768714001 |
| 003 - IDENTIFICADOR DEL NÚMERO DE CONTROL |
| Campo de control |
CO-MdFUSB |
| 005 - FECHA Y HORA DE LA ULTIMA TRANSACCIÓN |
| control field |
20210414084651.0 |
| 007 - CAMPO FIJO DE DESCRIPCIÓN FIJA--INFORMACIÓN GENERAL |
| Campo fijo de descripción fija |
ta |
| 008 - ELEMENTOS DE LONGITUD FIJA -- INFORMACIÓN GENERAL |
| Campo fijo de descripción fija -- Información general |
200616t2007 -us |||| |||| 00| 0 eng d |
| 020 ## - NÚMERO INTERNACIONAL NORMALIZADO PARA LIBROS |
| Número Internacional Normalizado del libro |
9781868422623 |
| 040 ## - FUENTE DE CATALOGACIÓN |
| Agencia de catalogación original |
CO-MdFUSB |
| Idioma de catalogación |
spa |
| Agencia que realiza la transcripción |
CO-MdFUSB |
| Agencia que realiza la modificación |
CO-MdFUSBC |
| Convenciones de la descripción |
rda |
| 041 ## - CÓDIGO DE IDIOMA |
| Código de idioma para texto/pista de sonido o título separado |
eng |
| 082 ## - NÚMERO DE CLASIFICACIÓN DECIMAL DEWEY |
| Número de la edición del Dewey |
23 |
| Número de clasificación |
324.268083 |
| Clave de autor-Numero de item |
F299 |
| 100 ## - ASIENTO PRINCIPAL--NOMBRE PERSONAL |
| Nombre personal |
Feinstein, Andrew |
| Fechas asociadas con el nombre |
1964 - |
| Término relacionador |
autor |
| 245 ## - TÍTULO |
| Título del Material |
After the party |
| Parte restante del título - Subtitulo |
: a personal and political journey inside the ANC |
| Mención de responsabilidad, etc. |
/ Andrew Feinstein |
| 264 #1 - PRODUCCIÓN, PUBLICACIÓN, DISTRIBUCIÓN, MANUFACTURA, Y COPYRIGHT |
| Lugar de producción, publicación, distribución, manufactura |
Estados Unidos : |
| Nombre del productor, publicador, distribuidor |
Jonathan Ball Publishers, |
| Fecha de producción, publicación, distribución, manufactura, o copyright |
[2007] |
| 264 #4 - PRODUCCIÓN, PUBLICACIÓN, DISTRIBUCIÓN, MANUFACTURA, Y COPYRIGHT |
| Fecha de producción, publicación, distribución, manufactura, o copyright |
© 2007 |
| 300 ## - DESCRIPCIÓN FÍSICA |
| Dimensiones |
287 páginas ; |
| Extensión |
24 cm |
| 336 ## - TIPO DE CONTENIDO |
| Fuente |
rdacontent |
| Término de tipo de contenido |
texto |
| Código de tipo de contenido |
txt |
| 337 ## - TIPO DE MEDIO |
| Fuente |
rdamedia |
| Nombre del tipo de medio |
sin mediación |
| Código del tipo de medio |
n |
| 338 ## - TIPO DE SOPORTE |
| Fuente |
rdacarrier |
| Nombre del tipo de soporte |
volumen |
| Código Tipo de soporte |
nc |
| 505 ## - NOTA DE CONTENIDO |
| Nota de contenido con formato preestablecido |
Políticas tempranas - Una estación blanca seca - Agitaciones de cambio - Hacia la nueva Jerusalén - Que reine la libertad - Lugar de oro - Una ventana al mundo - Llamada de Ciudad del Cabo - Surge un africano - Sobre el ser judío - por fin en casa - Política normal - El camarada Bob y "los perros y los cerdos" - Muerte de política - Una historia que tenía que ser contada - Programada para la corrupción - Después de la fiesta - Una casa inacabada - Di la verdad al poder - Notas - Bibliografía seleccionada - Índice |
| 520 2# - NOTA DE RESUMEN, ETC. |
| Nota de sumario, etc. |
After the Party es la historia explosiva de las luchas de poder que dominan la política sudafricana y un análisis crucial del historial del ANC en el poder. Andrew Feinstein, un ex miembro del parlamento del ANC, descubre una red de corrupción para rivalizar con Watergate, revelando una red de encubrimiento y corrupción que involucra a políticos, funcionarios y figuras de alto nivel en el más alto nivel de la política sudafricana. Con un relato interno de los eventos que rodearon el contencioso juicio del colorido presidente de Sudáfrica, Jacob Zuma, y la tragedia en curso en Zimbabwe, After the Party ha sido aclamado como el libro más importante sobre Sudáfrica desde el fin del apartheid. |
| 563 ## - NOTA DE ENCUADERNACIÓN |
| Nota de encuadernación |
Rústico |
| 653 ## - TÉRMINO DE INDIZACIÓN - NO CONTROLADO |
| Término no controlado |
Congreso Nacional Africano. |
| 653 ## - TÉRMINO DE INDIZACIÓN - NO CONTROLADO |
| Término no controlado |
Sudáfrica - Política y gobierno - 1994- |
| 942 ## - TIPO DE MATERIAL (KOHA) |
| Tipo de Item KOHA |
Libros General |
| 945 ## - INFORMACIÓN LOCAL DEL REGISTRO |
| Catalogador |
Dani |